| 000 | 00640nam a2200229 a 4500 | ||
|---|---|---|---|
| 999 |
_c903 _d903 |
||
| 001 | 903 | ||
| 003 | BD-JhCC | ||
| 005 | 20171018173040.0 | ||
| 008 | 171011s2014 bg |||| |||| 001 0 ben d | ||
| 020 | _a8172154801 | ||
| 035 | _a(BD-JhCC)903 | ||
| 040 |
_aBD-JhCC _dBD-JhCC |
||
| 041 | _aben | ||
| 082 |
_a294.363 _bBAN 2014 |
||
| 100 | _aবসু , বাণী | ||
| 245 |
_aমৈত্রেয় জাতক / _cবাণী বসু |
||
| 260 |
_aকলকাতা : _bআনন্দ, _c২০১৪. |
||
| 300 |
_a৪৩৩ পৃ. : _c২২ সেমি. |
||
| 650 | _aGautama Buddha | ||
| 942 |
_2ddc _cBK |
||